[Event "4NCL/Div3/HKFC vs. SWD2"]
[Site "Birmingham ENG"]
[Date "2006.03.05"]
[Round "8.6"]
[White "Rees, Gwynfor"]
[Black "Hogarth, Mark J"]
[Result "1-0"]
[WhiteElo "2101"]
[BlackElo "1919"]
[PlyCount "81"]
[EventDate "2006.03.05"]
[EventType "team"]
[EventRounds "11"]
[EventCountry "ENG"]
[SourceDate "2005.10.25"]

1. d4 Nf6 2. c4 c5 3. d5 b5 4. cxb5 a6 5. Nc3 g6 6. e4 d6 7. Nf3 Bg7 8. Bd2 O-O
9. a4 axb5 10. Bxb5 Ba6 11. Qe2 e6 12. dxe6 fxe6 13. e5 Nd5 14. exd6 Nxc3 15.
Bxc3 Bxb5 16. Qxb5 Bxc3+ 17. bxc3 Ra5 18. Qd3 Nd7 19. Qe3 e5 20. O-O Qf6 21.
Rfd1 Rfa8 22. Qe4 Qe6 23. Ng5 Qf5 24. Qd5+ Kg7 25. Ne6+ Kf6 26. Nc7 Rb8 27. Qd2
Ra7 28. a5 Rab7 29. Nd5+ Kg7 30. Ne3 Qf7 31. Qd5 Qf4 32. g3 Qg5 33. a6 Ra7 34.
f4 Qh5 35. Nc4 Nf6 36. Qxe5 Qxe5 37. fxe5 Ne4 38. d7 Rd8 39. Rd3 Rdxd7 40.
Rxd7+ Rxd7 41. a7 1-0

[Event "4NCL/Div3/HKFC vs. SWD2"]
[Site "Birmingham ENG"]
[Date "2006.03.05"]
[Round "8.7"]
[White "Bullock, Andrew"]
[Black "van Kemenade, Rudy"]
[Result "0-1"]
[WhiteElo "1866"]
[BlackElo "2068"]
[PlyCount "92"]
[EventDate "2006.03.05"]
[EventType "team"]
[EventRounds "11"]
[EventCountry "ENG"]
[SourceDate "2005.10.25"]

1. c4 g6 2. Nc3 Bg7 3. g3 d6 4. Bg2 f5 5. Nf3 Nf6 6. d3 Nc6 7. Rb1 a5 8. a3 O-O
9. O-O h6 10. h4 e5 11. Ne1 f4 12. e3 Ng4 13. exf4 exf4 14. Nf3 Nd4 15. Nb5
fxg3 16. fxg3 Nf5 17. Nh2 Nxh2 18. Kxh2 c6 19. Nc3 Nxh4 20. Rxf8+ Kxf8 21. Qf1+
Kg8 22. Bf4 Nf5 23. Re1 g5 24. Bc1 Be5 25. Ne2 h5 26. Be4 Nxg3 27. Nxg3 h4 28.
Kg2 Bxg3 29. Bg6 Qf8 30. Bxg5 Qxf1+ 31. Rxf1 Be5 32. Bf4 {=} Kg7 33. Be4 Be6
34. Bxe5+ dxe5 35. Bf5 Kf6 36. Bxe6+ Kxe6 37. Kh3 Rd8 38. Rf3 Rd4 39. b3 Rf4
40. Re3 c5 41. Kg2 Kf5 42. Kh3 b6 43. Kg2 Rd4 44. Kh3 Kf4 45. Re1 Rxd3+ 46.
Kxh4 Rxb3 0-1

[Event "4NCL/Div3/HKFC vs. SWD2"]
[Site "Birmingham ENG"]
[Date "2006.03.05"]
[Round "8.8"]
[White "Blackburn, Sandra G"]
[Black "Parmar, Jyoti"]
[Result "1/2-1/2"]
[WhiteElo "1750"]
[BlackElo "1625"]
[PlyCount "52"]
[EventDate "2006.03.05"]
[EventType "team"]
[EventRounds "11"]
[EventCountry "ENG"]
[SourceDate "2005.10.25"]

1. d4 d5 2. e3 Bf5 3. Bd3 Bxd3 4. Qxd3 Nf6 5. Nf3 Nc6 6. c3 e6 7. Nbd2 a6 8.
O-O Bd6 9. h3 O-O 10. e4 e5 11. exd5 Nxd5 12. Ne4 exd4 13. Nxd6 Qxd6 14. Nxd4
Nf6 15. Be3 Nd8 16. Rad1 Nd5 17. Nf5 Nxe3 18. Nxd6 Nxd1 19. Rxd1 cxd6 20. Qxd6
Ne6 21. Qb6 Rab8 22. Rd7 Nd8 23. a4 Rc8 24. g3 Re8 25. Kg2 h6 26. h4 Rc6 {
declared drawn by arbiter, following moves discounted} ({after..} 26... Rc6 27.
Qb3 Rce6 28. Qd5 Re5 29. Qd3 Re2 30. Rxd8 Rxd8 31. Qxd8+ Kh7 32. Qd3+ {
resigns 1-0}) 1/2-1/2

[Event "4NCL/Div3/FCA1 vs. BRI2"]
[Site "Birmingham ENG"]
[Date "2006.03.05"]
[Round "8.1"]
[White "Smith, Graham"]
[Black "Timmins, Chris P"]
[Result "1-0"]
[WhiteElo "2138"]
[BlackElo "2105"]
[PlyCount "83"]
[EventDate "2006.03.05"]
[EventType "team"]
[EventRounds "11"]
[EventCountry "ENG"]
[SourceDate "2005.10.25"]

1. e4 e5 2. Nf3 Nc6 3. Bb5 a6 4. Bxc6 dxc6 5. Nc3 Bd6 6. d4 f6 7. dxe5 fxe5 8.
Nxe5 Nf6 9. Nc4 O-O 10. Nxd6 cxd6 11. Qd4 Be6 12. Bf4 d5 13. e5 Nd7 14. Bg3 Bf5
15. O-O-O b5 16. h3 Qa5 17. Kb1 b4 18. Ne2 Nc5 19. Nc1 b3 20. Nxb3 Nxb3 21.
axb3 Rab8 22. Qa4 Qc5 23. Rd2 Rb4 24. Qa3 Rfb8 25. f4 a5 26. Bf2 Qb5 27. Kc1 a4
28. Rd4 Rxd4 29. Bxd4 Qe2 30. Kb1 axb3 31. Qa7 bxc2+ 32. Kc1 Re8 33. e6 Qxg2
34. Rg1 Qxg1+ 35. Bxg1 Rxe6 36. Be3 Rg6 37. Qb8+ Kf7 38. Qc7+ Ke8 39. Qe5+ Re6
40. Qxf5 Rxe3 41. Kxc2 Re2+ 42. Kd3 1-0

[Event "4NCL/Div3/FCA1 vs. BRI2"]
[Site "Birmingham ENG"]
[Date "2006.03.05"]
[Round "8.2"]
[White "Fish, Jonathan M"]
[Black "Reuben, Stewart"]
[Result "1/2-1/2"]
[WhiteElo "2038"]
[BlackElo "2142"]
[PlyCount "27"]
[EventDate "2006.03.05"]
[EventType "team"]
[EventRounds "11"]
[EventCountry "ENG"]
[SourceDate "2005.10.25"]

1. d4 Nf6 2. Nc3 c5 3. Nf3 d5 4. dxc5 e6 5. e4 Bxc5 6. exd5 Nxd5 7. Nxd5 Qxd5
8. Qxd5 exd5 9. Bb5+ Bd7 10. a4 O-O 11. O-O Nc6 12. Rd1 Be6 13. c3 a6 14. Be2
1/2-1/2

[Event "4NCL/Div3/FCA1 vs. BRI2"]
[Site "Birmingham ENG"]
[Date "2006.03.05"]
[Round "8.3"]
[White "Freeman, Richard C P"]
[Black "Hickman, John E"]
[Result "1-0"]
[WhiteElo "2088"]
[BlackElo "2082"]
[PlyCount "113"]
[EventDate "2006.03.05"]
[EventType "team"]
[EventRounds "11"]
[EventCountry "ENG"]
[SourceDate "2005.10.25"]

1. d4 d6 2. e4 g6 3. Nf3 Bg7 4. Nc3 a6 5. a4 b6 6. Be3 Nd7 7. Qd2 h6 8. Bd3 e6
9. O-O Ne7 10. Ne2 Bb7 11. c4 Nf6 12. d5 Ng4 13. Rab1 Nxe3 14. Qxe3 O-O 15.
dxe6 fxe6 16. Nf4 Qd7 17. b4 e5 18. Nd5 Bxd5 19. cxd5 Qxa4 20. Rfc1 Qd7 21. Ra1
b5 22. Ra5 c6 23. Qb6 Qg4 24. h3 Qf4 25. Re1 cxd5 26. Qxd6 dxe4 27. Bxe4 Rae8
28. Rxa6 Rf6 29. Qd7 Rxa6 30. Qxe8+ Qf8 31. Qxb5 Ra3 32. Qc5 Qf6 33. b5 Rb3 34.
Bd5+ Nxd5 35. Qxd5+ Qf7 36. Qxf7+ Kxf7 37. Nxe5+ Bxe5 38. Rxe5 Kf6 39. Rc5 Rb1+
40. Kh2 h5 41. h4 Rb2 42. Kg3 Rb3+ 43. f3 Rb4 44. Rg5 Kf7 45. f4 Kf6 46. Kf3
Rb3+ 47. Ke2 Rb4 48. g3 Rd4 49. Ke3 Rd1 50. Ke4 Rd2 51. Rc5 Rd1 52. b6 Rb1 53.
Rc6+ Kf7 54. Kd5 Rd1+ 55. Kc5 Rc1+ 56. Kd6 Rb1 57. Kc7 1-0

[Event "4NCL/Div3/FCA1 vs. BRI2"]
[Site "Birmingham ENG"]
[Date "2006.03.05"]
[Round "8.4"]
[White "Humphreys, Jerry"]
[Black "Constantinou, Peter"]
[Result "1-0"]
[WhiteElo "2084"]
[BlackElo "2137"]
[PlyCount "91"]
[EventDate "2006.03.05"]
[EventType "team"]
[EventRounds "11"]
[EventCountry "ENG"]
[SourceDate "2005.10.25"]

1. e4 g6 2. d4 d6 3. f4 d5 4. e5 h5 5. Be3 Nh6 6. Nc3 c6 7. Nf3 Bg4 8. h3 Nf5
9. Bf2 Bxf3 10. Qxf3 h4 11. Bd3 e6 12. O-O-O Nd7 13. Ne2 b5 14. Bxf5 gxf5 15.
g4 hxg3 16. Qxg3 Nb6 17. h4 Nc4 18. Kb1 a5 19. h5 Bh6 20. Qd3 Qe7 21. a3 Qd7
22. Bh4 b4 23. Bf6 O-O 24. a4 c5 25. dxc5 Qxa4 26. Nd4 Qd7 27. Nxf5 exf5 28.
Qxc4 dxc4 29. Rxd7 Ra6 30. Rd6 Rfa8 31. Rhd1 Kh7 32. c6 Rc8 33. Rd7 Raxc6 34.
Rxf7+ Kg8 35. Ra7 R6c7 36. Rg1+ Kf7 37. Rxa5 Bxf4 38. Rg7+ Ke6 39. Rg6 Rc5 40.
Ra6+ Kd5 41. e6 Be5 42. h6 f4 43. Bxe5 Kxe5 44. e7 Re8 45. Rg5+ Kd4 46. Rd6+
1-0

[Event "4NCL/Div3/FCA1 vs. BRI2"]
[Site "Birmingham ENG"]
[Date "2006.03.05"]
[Round "8.5"]
[White "Williamson, Kevin J"]
[Black "Boyce, G Michael"]
[Result "1/2-1/2"]
[WhiteElo "2027"]
[BlackElo "2058"]
[PlyCount "46"]
[EventDate "2006.03.05"]
[EventType "team"]
[EventRounds "11"]
[EventCountry "ENG"]
[SourceDate "2005.10.25"]

1. d4 Nf6 2. Nc3 d5 3. Bg5 Nbd7 4. e3 e6 5. f4 c6 6. Bd3 Qa5 7. Qf3 Bb4 8. Nge2
c5 9. dxc5 Nxc5 10. O-O Nxd3 11. cxd3 Be7 12. Kh1 Bd7 13. e4 dxe4 14. dxe4 Bc6
15. Nd4 Qc5 16. Nxc6 Qxc6 17. Bxf6 Bxf6 18. e5 Qxf3 19. Rxf3 Be7 20. Rd3 Rd8
21. Rxd8+ Kxd8 22. Rd1+ Kc8 23. Nb5 a6 1/2-1/2

[Event "4NCL/Div3/FCA1 vs. BRI2"]
[Site "Birmingham ENG"]
[Date "2006.03.05"]
[Round "8.6"]
[White "Hunt-Grubbe, Henry"]
[Black "Elwin, Adrian G"]
[Result "1/2-1/2"]
[WhiteElo "1985"]
[BlackElo "2052"]
[PlyCount "88"]
[EventDate "2006.03.05"]
[EventType "team"]
[EventRounds "11"]
[EventCountry "ENG"]
[SourceDate "2005.10.25"]

1. d4 Nf6 2. Nc3 d5 3. Bg5 Nbd7 4. Nf3 h6 5. Bh4 c6 6. e3 e6 7. Bd3 Bd6 8. O-O
Qc7 9. Bg3 O-O 10. Bxd6 Qxd6 11. e4 dxe4 12. Nxe4 Nxe4 13. Bxe4 b6 14. c3 Ba6
15. Re1 Rad8 16. Bc2 c5 17. dxc5 Qxc5 {=} 18. Qd4 Bb7 19. Rad1 Bxf3 20. gxf3
Qxd4 21. Rxd4 Nf6 22. Red1 Rxd4 23. Rxd4 Rc8 24. f4 g6 25. Ra4 Rc7 26. Rd4 Kf8
27. Rd8+ Ke7 28. Rh8 h5 29. Ba4 Nd5 30. f5 exf5 31. Re8+ Kf6 32. Rd8 Nf4 33. h4
Ne6 34. Ra8 Ke5 35. Kg2 Kf4 36. Bd1 Nc5 37. Be2 Re7 38. Kf1 Ne4 39. Rd8 Nf6 40.
Rd4+ Re4 41. Bc4 g5 42. hxg5 Kxg5 43. Rxe4 Nxe4 44. Bxf7 h4 1/2-1/2

[Event "4NCL/Div3/FCA1 vs. BRI2"]
[Site "Birmingham ENG"]
[Date "2006.03.05"]
[Round "8.7"]
[White "Utyuzhnikova, Galina"]
[Black "White, Martin"]
[Result "1-0"]
[WhiteElo "2045"]
[BlackElo "1960"]
[PlyCount "105"]
[EventDate "2006.03.05"]
[EventType "team"]
[EventRounds "11"]
[EventCountry "ENG"]
[SourceDate "2005.10.25"]

1. c4 Nf6 2. Nc3 e6 3. g3 d5 4. cxd5 exd5 5. Bg2 Be7 6. d3 O-O 7. Nf3 c5 8. O-O
b6 9. Ne5 Bb7 10. Qb3 h6 11. Qa4 Qe8 12. Qxe8 Rxe8 13. Nb5 Na6 14. f4 Red8 15.
a3 Nd7 16. Bd2 Nxe5 17. fxe5 Bc6 18. Nc3 Rac8 19. Bh3 Rb8 20. Bf4 Rb7 21. e6 f6
22. Nd1 d4 23. Bf5 Bd6 24. e4 Bxf4 25. gxf4 Re7 26. Bg4 g6 27. f5 g5 28. Nf2
Be8 29. Rac1 h5 30. Bd1 Rc7 31. Nh1 Nb8 32. Ng3 h4 33. Nh5 Bxh5 34. Bxh5 Nc6
35. b4 Ne5 36. Be2 Kf8 37. h3 c4 38. dxc4 d3 39. Rfd1 Ke7 40. Bf1 Rxc4 41. Rxc4
Nxc4 42. Rxd3 Rxd3 43. Bxd3 Nxa3 44. b5 Kd6 45. Kf2 Ke7 46. Kf3 Kf8 47. Kg4 Ke7
48. Kh5 Kd6 49. Kg6 g4 50. hxg4 h3 51. Bf1 h2 52. Bg2 Nxb5 53. Kxf6 1-0

[Event "4NCL/Div3/FCA1 vs. BRI2"]
[Site "Birmingham ENG"]
[Date "2006.03.05"]
[Round "8.8"]
[White "Owens, Megan"]
[Black "Adebajo, Femi"]
[Result "0-1"]
[WhiteElo "1645"]
[BlackElo "2050"]
[PlyCount "102"]
[EventDate "2006.03.05"]
[EventType "team"]
[EventRounds "11"]
[EventCountry "ENG"]
[SourceDate "2005.10.25"]

1. d4 Nf6 2. c4 g6 3. Nc3 Bg7 4. e4 d6 5. Nf3 O-O 6. Be2 Nc6 7. O-O e5 8. d5
Ne7 9. Be3 Ne8 10. Nd2 f5 11. f3 f4 12. Bf2 g5 13. b4 Ng6 14. c5 Rf7 15. Nc4
Bf8 16. Rb1 Rg7 17. a4 h5 18. c6 b6 19. a5 Nf6 20. h3 Nh8 21. Ra1 Rb8 22. axb6
axb6 23. Kh2 g4 24. Bh4 gxh3 25. gxh3 Ng4+ 26. fxg4 Qxh4 27. Rg1 hxg4 28. Bxg4
Bxg4 29. Rxg4 Qf2+ 30. Kh1 b5 31. Rxg7+ Bxg7 32. Qg4 Rf8 33. Rg1 Rf7 34. Nxb5
Qc2 35. Ncxd6 cxd6 36. Nxd6 Re7 37. Nf5 Qxe4+ 38. Kh2 Ra7 39. Nh6+ Kh7 40. Qf5+
Qxf5 41. Nxf5 Bf8 42. d6 Bxd6 43. Nxd6 Ng6 44. Rc1 Ra2+ 45. Kh1 Nh4 46. Kg1
Nf3+ 47. Kf1 Nd2+ 48. Kg1 e4 49. c7 Nf3+ 50. Kf1 e3 51. c8=Q Rf2# 0-1

[Event "4NCL/Div3/KHE vs. PPA2"]
[Site "Birmingham ENG"]
[Date "2006.03.05"]
[Round "8.1"]
[White "McMichael, Richard"]
[Black "Kemp, Paul"]
[Result "1/2-1/2"]
[WhiteElo "2272"]
[BlackElo "2125"]
[PlyCount "32"]
[EventDate "2006.03.05"]
[EventType "team"]
[EventRounds "11"]
[EventCountry "ENG"]
[SourceDate "2005.10.25"]

1. e4 c6 2. d4 d5 3. exd5 cxd5 4. Bd3 Nc6 5. Nf3 Bg4 6. c3 e6 7. O-O Bd6 8.
Nbd2 Qc7 9. h3 Bh5 10. Re1 Nf6 11. Nf1 Bg6 12. Ne3 O-O 13. Ng4 Rfe8 14. Nge5
Bxd3 15. Qxd3 Ne4 16. Nxc6 bxc6 1/2-1/2

[Event "4NCL/Div3/KHE vs. PPA2"]
[Site "Birmingham ENG"]
[Date "2006.03.05"]
[Round "8.2"]
[White "Retallick, Lloyd"]
[Black "Khantuev, Alexander"]
[Result "1/2-1/2"]
[WhiteElo "2080"]
[BlackElo "2302"]
[PlyCount "31"]
[EventDate "2006.03.05"]
[EventType "team"]
[EventRounds "11"]
[EventCountry "ENG"]
[SourceDate "2005.10.25"]

1. d4 d5 2. c4 e5 3. dxe5 d4 4. Nf3 Nc6 5. g3 Nge7 6. Bg2 Ng6 7. O-O Ngxe5 8.
Nbd2 Be7 9. Nxe5 Nxe5 10. Nf3 Nxf3+ 11. Bxf3 O-O 12. Qd3 Bf6 13. Rd1 c6 14. b4
Qe7 15. c5 g6 16. Bf4 1/2-1/2

[Event "4NCL/Div3/KHE vs. PPA2"]
[Site "Birmingham ENG"]
[Date "2006.03.05"]
[Round "8.3"]
[White "Thomas, Richard H"]
[Black "Winfridsson, Ola"]
[Result "0-1"]
[WhiteElo "2219"]
[BlackElo "2099"]
[PlyCount "48"]
[EventDate "2006.03.05"]
[EventType "team"]
[EventRounds "11"]
[EventCountry "ENG"]
[SourceDate "2005.10.25"]

1. d4 Nf6 2. c4 e6 3. g3 Bb4+ 4. Bd2 Qe7 5. Bg2 O-O 6. Nc3 d6 7. a3 Bxc3 8.
Bxc3 e5 9. dxe5 dxe5 10. Nf3 Nc6 11. Qb3 Re8 12. O-O Rb8 13. e3 Qc5 14. Nd2 Bf5
15. Qa4 Bd3 16. Rfc1 e4 17. b4 Qf5 18. Bxf6 gxf6 19. Bf1 Bxf1 20. Nxf1 Qh3 21.
Rd1 Ne5 22. Qc2 Nf3+ 23. Kh1 f5 24. Rd5 Re6 0-1

[Event "4NCL/Div3/KHE vs. PPA2"]
[Site "Birmingham ENG"]
[Date "2006.03.05"]
[Round "8.4"]
[White "Bailey, Kevin"]
[Black "Ruecker, Benjamin"]
[Result "0-1"]
[WhiteElo "2089"]
[BlackElo "2229"]
[PlyCount "72"]
[EventDate "2006.03.05"]
[EventType "team"]
[EventRounds "11"]
[EventCountry "ENG"]
[SourceDate "2005.10.25"]

1. c4 Nf6 2. g3 g6 3. Bg2 Bg7 4. Nc3 O-O 5. e4 d6 6. Nge2 e5 7. O-O Be6 8. d3
Qd7 9. f4 c6 10. Kh1 Na6 11. Rb1 Nc7 12. b4 exf4 13. Nxf4 Ng4 14. Nce2 d5 15.
h3 Ne5 16. exd5 cxd5 17. Nxe6 fxe6 18. Bf4 b5 19. c5 Nc6 20. d4 a5 21. a3 axb4
22. axb4 Ra4 23. Bxc7 Rxf1+ 24. Bxf1 Qxc7 25. Qd2 Ra3 26. Kg2 Qf7 27. Qf4 Bxd4
28. Qxf7+ Kxf7 29. Nf4 g5 30. Nh5 Ra2+ 31. Kh1 Ne5 32. Bg2 Ra1 33. Rxa1 Bxa1
34. Bf1 Nc4 35. c6 Ke7 36. c7 Kd7 0-1

[Event "4NCL/Div3/KHE vs. PPA2"]
[Site "Birmingham ENG"]
[Date "2006.03.05"]
[Round "8.5"]
[White "Guthrie, David"]
[Black "McCorry, Rob"]
[Result "0-1"]
[WhiteElo "2184"]
[BlackElo "2080"]
[PlyCount "80"]
[EventDate "2006.03.05"]
[EventType "team"]
[EventRounds "11"]
[EventCountry "ENG"]
[SourceDate "2005.10.25"]

1. d4 Nf6 2. c4 Nc6 3. Nf3 e6 4. e3 Bb4+ 5. Nc3 O-O 6. Bd3 d6 7. O-O Bxc3 8.
bxc3 e5 9. e4 h6 10. d5 Nb8 11. Ne1 Nbd7 12. g4 g5 13. Ng2 Nc5 14. f3 Nxd3 15.
Qxd3 c6 16. h4 cxd5 17. cxd5 Nd7 18. hxg5 hxg5 19. Be3 b6 20. Kf2 f6 21. Rh1
Kg7 22. Rh5 Rh8 23. Rah1 Rxh5 24. Rxh5 Nf8 25. Qd2 Bd7 26. Kg3 Be8 27. Rh1 Rc8
28. Bf2 Qc7 29. Rc1 Ng6 30. Ne3 Bd7 31. Nf5+ Bxf5 32. gxf5 Nf4 33. Be3 Rh8 34.
Bxf4 gxf4+ 35. Kg2 Kf8 36. Rg1 Rg8+ 37. Kh1 Rh8+ 38. Kg2 Qc5 39. Kf1 Rh3 40.
Qg2 Rg3 0-1

[Event "4NCL/Div3/KHE vs. PPA2"]
[Site "Birmingham ENG"]
[Date "2006.03.05"]
[Round "8.6"]
[White "Jeffries, Majid"]
[Black "Lewis, Alex"]
[Result "0-1"]
[WhiteElo "2026"]
[BlackElo "2145"]
[PlyCount "66"]
[EventDate "2006.03.05"]
[EventType "team"]
[EventRounds "11"]
[EventCountry "ENG"]
[SourceDate "2005.10.25"]

1. c4 e5 2. Nc3 Bb4 3. g3 Nf6 4. Bg2 O-O 5. d3 c6 6. Bd2 d5 7. Qb3 Bxc3 8. Bxc3
d4 9. Bd2 Nbd7 10. Qc2 a5 11. Nf3 Re8 12. O-O Nc5 13. Bg5 h6 14. Bxf6 Qxf6 15.
Rad1 Bg4 16. Ne1 Rad8 17. Rb1 a4 18. Nf3 e4 19. dxe4 d3 20. Qc3 dxe2 21. Rfe1
Nxe4 22. Qxf6 Nxf6 23. h3 Bxf3 24. Bxf3 Rd2 25. Kg2 Nd7 26. b3 Nc5 27. bxa4 Nd3
28. a5 Nxe1+ 29. Rxe1 Rxa2 30. a6 Rxa6 31. Rxe2 Rxe2 32. Bxe2 Ra2 33. Kf3 Kf8
0-1

[Event "4NCL/Div3/KHE vs. PPA2"]
[Site "Birmingham ENG"]
[Date "2006.03.05"]
[Round "8.7"]
[White "Okike, David C"]
[Black "Ribbands, Patrick C"]
[Result "1-0"]
[WhiteElo "2158"]
[BlackElo "1955"]
[PlyCount "97"]
[EventDate "2006.03.05"]
[EventType "team"]
[EventRounds "11"]
[EventCountry "ENG"]
[SourceDate "2005.10.25"]

1. e4 c6 2. d4 d5 3. Nc3 dxe4 4. Nxe4 Bf5 5. Ng3 Bg6 6. Nf3 e6 7. h4 h6 8. c3
Nf6 9. Ne5 Bh7 10. f4 Nbd7 11. Qf3 Be7 12. Bc4 Qc7 13. Bb3 c5 14. Be3 O-O 15.
Kf2 Rad8 16. Rad1 Nb6 17. Qe2 Nfd5 18. Bc1 f6 19. Bxd5 Nxd5 20. Nf3 Nxf4 21.
Bxf4 Qxf4 22. Qxe6+ Rf7 23. Rhe1 Qc7 24. d5 c4 25. Ne4 Bxe4 26. Rxe4 Bc5+ 27.
Kf1 Qg3 28. Rd2 Kf8 29. Rg4 Qc7 30. Rxc4 Re7 31. Qg4 b5 32. Re4 Rde8 33. Rxe7
Qxe7 34. Qg3 Bd6 35. Qf2 Qc7 36. Qd4 Bc5 37. d6 Bxd4 38. dxc7 Bb6 39. Rd7 Rc8
40. Nd4 Ke8 41. Rxg7 Rxc7 42. Rxc7 Bxc7 43. Nxb5 Bb6 44. Nd6+ Kd7 45. Nf5 Ke6
46. Nxh6 Be3 47. Ng4 Bc1 48. b3 f5 49. Nh2 1-0

[Event "4NCL/Div3/KHE vs. PPA2"]
[Site "Birmingham ENG"]
[Date "2006.03.05"]
[Round "8.8"]
[White "Vann, Monica S"]
[Black "Hale, Katie L W"]
[Result "0-1"]
[WhiteElo "1810"]
[BlackElo "1805"]
[PlyCount "84"]
[EventDate "2006.03.05"]
[EventType "team"]
[EventRounds "11"]
[EventCountry "ENG"]
[SourceDate "2005.10.25"]

1. e4 e6 2. d4 d5 3. e5 c5 4. c3 Nc6 5. Nf3 Qb6 6. Qb3 Qxb3 7. axb3 cxd4 8.
cxd4 Bd7 9. Bd2 Nge7 10. Bb5 a6 11. Bxc6 Nxc6 12. O-O Rc8 13. Nc3 Bb4 14. Rfd1
Na5 15. Na2 Nxb3 16. Bxb4 Nxa1 17. Rxa1 Rc2 18. Ba3 a5 19. Rc1 Rxc1+ 20. Nxc1
Bb5 21. h3 f6 22. Bd6 Kf7 23. Na2 Rc8 24. Nc3 Bd3 25. Bc5 b5 26. Na2 Be4 27.
exf6 gxf6 28. Nd2 Bd3 29. b4 a4 30. f4 Rg8 31. Kf2 Bc2 32. g4 h5 33. Kg3 hxg4
34. hxg4 Bd3 35. Kf3 Rh8 36. Kg2 Rh4 37. Kg3 Rh1 38. Nf3 Ra1 39. Nc3 Rc1 40.
Nxd5 exd5 41. g5 a3 42. gxf6 Kxf6 0-1

[Event "4NCL/Div3/PPA1 vs. WES2"]
[Site "Birmingham ENG"]
[Date "2006.03.05"]
[Round "8.1"]
[White "Posazhennikov, Alex"]
[Black "Tunks, Dominic"]
[Result "1-0"]
[WhiteElo "2235"]
[BlackElo "2155"]
[PlyCount "57"]
[EventDate "2006.03.05"]
[EventType "team"]
[EventRounds "11"]
[EventCountry "ENG"]
[SourceDate "2005.10.25"]

1. d4 Nf6 2. Nc3 d5 3. Bg5 Nbd7 4. f3 h6 5. Bh4 c6 6. e4 dxe4 7. fxe4 Qa5 8. e5
Ne4 9. Qd3 Nxc3 10. bxc3 Nb6 11. Qd2 Be6 12. Bd3 Nc4 13. Bxc4 Bxc4 14. Ne2 Rd8
15. O-O Qxe5 16. Rad1 Qa5 17. Rf3 Rd7 18. Nc1 e6 19. Nd3 Bxd3 20. Qxd3 Be7 21.
Bxe7 Rxe7 22. Rg3 g5 23. Rf3 g4 24. Rf6 Qg5 25. Rdf1 h5 26. Qg3 O-O 27. h4 Qd5
28. Qf4 c5 29. Rg6+ 1-0

[Event "4NCL/Div3/PPA1 vs. WES2"]
[Site "Birmingham ENG"]
[Date "2006.03.05"]
[Round "8.2"]
[White "Clark, Ian C"]
[Black "Harley, Andrew"]
[Result "1/2-1/2"]
[WhiteElo "2133"]
[BlackElo "2239"]
[PlyCount "77"]
[EventDate "2006.03.05"]
[EventType "team"]
[EventRounds "11"]
[EventCountry "ENG"]
[SourceDate "2005.10.25"]

1. e4 c5 2. Nf3 Nc6 3. d4 cxd4 4. Nxd4 Nf6 5. Nc3 e5 6. Ndb5 d6 7. Bg5 a6 8.
Bxf6 gxf6 9. Na3 b5 10. Nd5 f5 11. exf5 Bxf5 12. Qf3 Nd4 13. Nc7+ Qxc7 14.
Qxa8+ Bc8 15. O-O-O Bh6+ 16. Kb1 O-O 17. Rxd4 exd4 18. Qe4 Qc5 19. Bd3 f5 20.
Qh4 Bg7 21. Re1 Bf6 22. Qh5 Bd7 23. g4 Rf7 24. g5 Re7 25. Rg1 Bg7 26. f4 Qb4 {=
} 27. Qh4 Re8 28. Ka1 Qd2 29. Nb1 Qe3 30. Qg3 Qxg3 31. hxg3 Re3 32. Nd2 h6 33.
gxh6 Bxh6 34. Nb3 Bg7 35. Kb1 Kf7 36. Kc1 Ke6 37. Kd2 Bc6 38. c3 Be4 39. Bxe4
1/2-1/2

[Event "4NCL/Div3/PPA1 vs. WES2"]
[Site "Birmingham ENG"]
[Date "2006.03.05"]
[Round "8.3"]
[White "Byway, Paul"]
[Black "Ferrington, Nigel M"]
[Result "1-0"]
[WhiteElo "2203"]
[BlackElo "2115"]
[PlyCount "71"]
[EventDate "2006.03.05"]
[EventType "team"]
[EventRounds "11"]
[EventCountry "ENG"]
[SourceDate "2005.10.25"]

1. d4 Nf6 2. Bf4 g6 3. e3 Bg7 4. c4 O-O 5. Nc3 d6 6. Nf3 Nbd7 7. h3 c6 8. Be2
Qe8 9. O-O e5 10. Bh2 Qe7 11. b4 Ne8 12. Rc1 f5 13. c5 d5 14. dxe5 Nxe5 15.
Bxe5 Bxe5 16. Nxd5 Qg7 17. Nxe5 Qxe5 18. Nf4 Nf6 19. Bc4+ Kh8 20. Qb3 g5 21.
Nd3 Qe4 22. Qc3 Kg7 23. Ne5 Qh4 24. f4 g4 25. Qe1 Qh5 26. hxg4 fxg4 27. e4 Rd8
28. Rd1 Rxd1 29. Qxd1 Nxe4 30. Qd8 Qf5 31. Qg8+ Kh6 32. Bd3 Be6 33. Qxa8 Bd5
34. Qd8 Kg7 35. Qe7+ Kg8 36. Nxg4 1-0

[Event "4NCL/Div3/PPA1 vs. WES2"]
[Site "Birmingham ENG"]
[Date "2006.03.05"]
[Round "8.4"]
[White "Pym, Thomas W"]
[Black "Dunn, Andrew"]
[Result "1/2-1/2"]
[WhiteElo "2073"]
[BlackElo "2188"]
[PlyCount "51"]
[EventDate "2006.03.05"]
[EventType "team"]
[EventRounds "11"]
[EventCountry "ENG"]
[SourceDate "2005.10.25"]

1. e4 c6 2. d4 d5 3. exd5 cxd5 4. Bd3 Nc6 5. Be3 Nf6 6. h3 a6 7. Nf3 Qc7 8. c3
e6 9. O-O Bd6 10. Qc2 h6 11. Nbd2 Bd7 12. a3 Na5 13. Rfe1 Nc4 14. Bxc4 dxc4 15.
Ne5 b5 16. Ne4 Bxe5 17. dxe5 Nxe4 18. Qxe4 Bc6 19. Qg4 Bd5 20. a4 bxa4 21. Rxa4
Qxe5 22. f4 h5 23. Qg3 Qf6 24. Bd4 Qg6 25. Qxg6 fxg6 26. Bxg7 1/2-1/2

[Event "4NCL/Div3/PPA1 vs. WES2"]
[Site "Birmingham ENG"]
[Date "2006.03.05"]
[Round "8.5"]
[White "Toothill, John"]
[Black "Taylor, Phil"]
[Result "1/2-1/2"]
[WhiteElo "2174"]
[BlackElo "2063"]
[PlyCount "34"]
[EventDate "2006.03.05"]
[EventType "team"]
[EventRounds "11"]
[EventCountry "ENG"]
[SourceDate "2005.10.25"]

1. e4 d6 2. d4 Nf6 3. Nc3 Nbd7 4. Nf3 e5 5. Be2 Be7 6. O-O O-O 7. h3 c6 8. a4
Qc7 9. Be3 b6 10. Qd2 a6 11. Rad1 b5 12. Bd3 Re8 13. axb5 exd4 14. Nxd4 axb5
15. Nf5 Bf8 16. f3 Ne5 17. Qf2 Bxf5 1/2-1/2

[Event "4NCL/Div3/PPA1 vs. WES2"]
[Site "Birmingham ENG"]
[Date "2006.03.05"]
[Round "8.6"]
[White "Hopkins, Jamie R"]
[Black "Rosen, Daniel B"]
[Result "1-0"]
[WhiteElo "2137"]
[BlackElo "2144"]
[PlyCount "49"]
[EventDate "2006.03.05"]
[EventType "team"]
[EventRounds "11"]
[EventCountry "ENG"]
[SourceDate "2005.10.25"]

1. c4 e5 2. g3 f5 3. Nc3 Nc6 4. Bg2 Nf6 5. Nf3 Bb4 6. Nd5 e4 7. Nh4 Nxd5 8.
cxd5 Ne7 9. Qb3 Bc5 10. Qc3 O-O 11. Qxc5 g5 12. Nxf5 Nxf5 13. Bxe4 d6 14. Qc3
Qe7 15. d3 Rf7 16. b3 Ng7 17. h4 g4 18. Bb2 Qf8 19. h5 h6 20. Bg6 Re7 21. Qf6
Bd7 22. e4 c6 23. dxc6 Bxc6 24. O-O d5 25. Qxf8+ 1-0

[Event "4NCL/Div3/PPA1 vs. WES2"]
[Site "Birmingham ENG"]
[Date "2006.03.05"]
[Round "8.7"]
[White "Goodger, Martyn"]
[Black "Rutter, Nicholas"]
[Result "1-0"]
[WhiteElo "2135"]
[BlackElo "2133"]
[PlyCount "83"]
[EventDate "2006.03.05"]
[EventType "team"]
[EventRounds "11"]
[EventCountry "ENG"]
[SourceDate "2005.10.25"]

1. e4 c5 2. Nf3 e6 3. c3 Nf6 4. e5 Nd5 5. d4 cxd4 6. cxd4 d6 7. Bc4 Nc6 8. O-O
Be7 9. Re1 O-O 10. a3 Bd7 11. Bd2 Rc8 12. Nc3 Nxc3 13. Bxc3 Nb8 14. exd6 Bxd6
15. Ba2 Bxa3 16. Bb1 Be7 17. Qd3 g6 18. Rxa7 Bc6 19. Ne5 Bd5 20. Ra1 Nc6 21.
Ng4 Bg5 22. Bd2 h5 23. Ne3 Kg7 24. b4 Bxe3 25. Rxe3 Ne7 26. Re5 Nf5 27. Qh3 f6
28. Re1 Nxd4 29. Qe3 Nf5 30. Bxf5 gxf5 31. Qh6+ Kf7 32. Qxh5+ Ke7 33. Qxf5 Rg8
34. Qh7+ Kd6 35. g3 Rh8 36. Qg7 Rc7 37. Bf4+ e5 38. Bxe5+ fxe5 39. Qxe5+ Kc6
40. Rac1+ Kb6 41. Rxc7 Bc6 42. Rxc6+ 1-0